Epítome de la biblioteca oriental y occidental, náutica y geográfica / (Record no. 169238)

MARC details
000 -LEADER
campo de control de longitud fija 00898nam a22002295i 4500
001 - NÚMERO DE CONTROL
campo de control 169238
003 - IDENTIFICADOR DE NÚMERO DE CONTROL
campo de control ES-MaACL
005 - FECHA Y HORA DE LA ÚLTIMA TRANSACCIÓN
campo de control 20251013192152.0
008 - DATOS DE LONGITUD FIJA--INFORMACIÓN GENERAL
campo de control de longitud fija 080825s1982 sp |||| | spa d
017 ## - NÚMERO DE COPYRIGHT O DE DEPÓSITO LEGAL
Número de copyright o de depósito legal B-13.922-1982
020 ## - NÚMERO INTERNACIONAL ESTÁNDAR DEL LIBRO
Número Internacional Estándar del Libro 84-7528-020-X
080 ## - NÚMERO DE LA CLASIFICACIÓN DECIMAL UNIVERSAL
Número de la Clasificación Decimal Universal 011
100 1# - ENTRADA PRINCIPAL--NOMBRE DE PERSONA
Nombre de persona León Pinelo, Antonio de.
9 (RLIN) 71636
245 10 - MENCIÓN DEL TÍTULO
Título Epítome de la biblioteca oriental y occidental, náutica y geográfica /
Mención de responsabilidad, etc. Antonio de León Pinelo ; edición y estudio introductorio por Horacio Capel.
260 ## - PUBLICACIÓN, DISTRIBUCIÓN, ETC.
Lugar de publicación, distribución, etc. Barcelona :
Nombre del editor, distribuidor, etc. Edicions Universitat de Barcelona,
Fecha de publicación, distribución, etc. 1982.
300 ## - DESCRIPCIÓN FÍSICA
Extensión 2 v. ;
Dimensiones 30 cm.
534 ## - NOTA SOBRE LA VERSIÓN ORIGINAL
Frase introductoria Reproducción facsímil de la ed. de:
Publicación, distribución, etc. del original Madrid : Francisco Martínez Abad, 1737
Localización del original Biblioteca Universitaria de Barcelona.
650 ## - PUNTO DE ACCESO ADICIONAL DE MATERIA--TÉRMINO DE MATERIA
Término de materia o nombre geográfico como elemento de entrada Geografía-
Subdivisión de forma Bibliografías.
9 (RLIN) 172135
700 1# - ENTRADA AGREGADA--NOMBRE PERSONAL
Nombre de persona Capel, Horacio,
Fechas asociadas al nombre 1941-
9 (RLIN) 34815
852 4# - LOCALIZACIÓN
Ubicación ES-MaACL
Número de control de estantería L-29574-5
itemnumber R.142899
Holdings
Estatus retirado Estado de pérdida Estado de daño No para préstamo Biblioteca de origen Biblioteca actual Ubicación en estantería Fecha de adquisición Fuente de adquisición Total de préstamos Signatura topográfica completa Código de barras Visto por última vez Precio de reemplazo Tipo de ítem Koha
        Biblioteca del Ateneo de Madrid Biblioteca del Ateneo de Madrid Depósito 2 25/08/2008     L-29574-5 1177682 23/02/2023 23/02/2023 Libro impreso